000 00637nam a2200205 4500
001 139950
003 ES-MaACL
005 20230906195944.0
007 t|
008 070214s1907 fr r ||||1| fre d
100 1 _aSchmidt, Charles.
_9104467
245 1 0 _aSéville /
_cpar Ch.-Lug. Schmidt ; traduit et adapté par Henry Peyre.
260 _aParis :
_bH. Laurens,
_c1907 (
_eEvreux :
_fCh. Hérissey)
300 _a155 p. ;
_c26 cm.
490 1 _aLes villes d'art célèbres
700 1 _aPeyre de Bétouzet, Henry.
_991597
830 0 _aLes villes d'art célèbres
_9181445
852 _aES-MaACL
_jF-2113
999 _c139950
_d139950